banner koha

Estimativa da composicao quimica corporal de novilhos nelore atraves do espaco de deuterio (Registro n. 154701)

MARC details
000 -LÍDER
campo de controle de tamanho fixo 00897nas a2200301 4500
001 - NÚMERO DE CONTROLE
campo de controle BR9702374
003 - IDENTIFICADOR DO NÚMERO DE CONTROLE
campo de controle BR-BrBNA
005 - DATA E HORÁRIO DA ÚLTIMA TRANSAÇÃO
campo de controle 20231205100208.0
007 - CAMPO FIXO DE DESCRIÇÃO FÍSICA--INFORMAÇÃO GERAL
campo de controle de tamanho fixo ta
008 - CAMPO DE DADOS FIXOS--INFORMAÇÃO GERAL
campo de controle de tamanho fixo 230509b bl.|||p| |||| 00| 00por d
040 ## - FONTE DA CATALOGAÇÃO
Instituição da catalogação original BR-BrBNA
Idioma da catalogação por
Instituição que transcreveu o registro Biblioteca Nacional de Agricultura
041 ## - CÓDIGO DE IDIOMA
Código do idioma do texto/trilha sonora ou título diferente (Pt)
072 ## - CÓDIGO DE CATEGORIA DE ASSUNTO
Código de Categoria de Assunto L50
100 1# - ENTRADA PRINCIPAL--NOME PESSOAL
Nome pessoal Leme, P.R.
100 1# - ENTRADA PRINCIPAL--NOME PESSOAL
Nome pessoal Boin, C.
100 1# - ENTRADA PRINCIPAL--NOME PESSOAL
Nome pessoal Alleoni, G.F.
100 1# - ENTRADA PRINCIPAL--NOME PESSOAL
Nome pessoal Eichimatsui, E.
100 1# - ENTRADA PRINCIPAL--NOME PESSOAL
Nome pessoal Schammass, E.A.
100 1# - ENTRADA PRINCIPAL--NOME PESSOAL
Nome pessoal Vieira, P. de F.
100 1# - ENTRADA PRINCIPAL--NOME PESSOAL
Nome pessoal Lanna, D.R.D.
245 1# - TÍTULO
Título Estimativa da composicao quimica corporal de novilhos nelore atraves do espaco de deuterio
650 ## - ASSUNTO--TERMO TÓPICO
Cabeçalho tópico ou nome geográfico Gado Nelore
650 ## - ASSUNTO--TERMO TÓPICO
Cabeçalho tópico ou nome geográfico Composicao Quimica
650 ## - ASSUNTO--TERMO TÓPICO
Cabeçalho tópico ou nome geográfico Peso
773 0# - ENTRADA ANALÍTICA
Título Revista da Sociedade Brasileira de Zootecnia (Brazil)
ISSN - International Standard Serial Number
Partes relacionadas (May-Jun 1994), v. 23(3) p. 441-452
Número de controle do registro BR9702374
909 ## -
-- 202311
-- Lúcia
-- 55
-- Lúcia Elande
942 ## - ELEMENTOS DE ENTRADA ADICIONADOS (KOHA)
Fonte da classificação ou esquema de arquivamento na estante Classificação AGRIS
Ocultar no OPAC Não
Tipo de material Koha Analítica
Exemplares
Situação do descarte Fonte da classificação ou esquema de arquivamento na estante Situação física Não pode ser emprestado Biblioteca de origem Biblioteca atual Localização na estante Enumeração do periódico / cronologia Total de empréstimos Data de último acesso Número do exemplar Tipo de material Koha Fonte de aquisição
  Classificação AGRIS   Consulta local Biblioteca Nacional de Agricultura - Binagri Biblioteca Nacional de Agricultura - Binagri   (May-Jun 1994), v. 23(3) p. 441-452   29/11/2023 01 Periódicos Portaria Interministerial nº 164/94

BINAGRI

Telefone: (61)3218-2567/2388/3357/2097 - binagri@agro.gov.br

Ministério da Agricultura e Pecuária , Esplanada dos Ministérios, Bloco D, Anexo B, Brasília/DF, CEP: 70.043-900